|
|
|
|
| LEADER |
00000nam a2200000 a 4500 |
| 001 |
vtls001425870 |
| 003 |
SK-MaSNL |
| 005 |
20260302001757.0 |
| 008 |
130607s2001 xo 0 slo |
| 015 |
|
|
|a SNBS2002/01-00087
|
| 035 |
|
|
|a SNK000380791
|
| 040 |
|
|
|a SNK
|b slo
|c SNK
|e AACR2
|
| 044 |
|
|
|a xo
|c SK
|
| 080 |
|
|
|a 655.55(086.86)=854=850
|2 1981
|
| 245 |
1 |
|
|a Audioknihy pre úspešných
|h elektronický zdroj
|b nemusia to počuť všetci ...
|
| 256 |
|
|
|a Počítačové dáta
|
| 260 |
|
|
|a Bratislava
|b Audio Digest
|c 2001
|
| 300 |
|
|
|a 1 elektronický optický disk (CD-ROM)
|
| 500 |
|
|
|a CD-ROM je prílohou časopisu Trend
|
| 500 |
|
|
|a Elektronické dokumenty
|
| 538 |
|
|
|a Minimálne požiadavky na počítač: PC 200 Mhz, 64 MB RAM, zvuková karta, PC-ROM 16x, 800x600
|
| 650 |
0 |
7 |
|a knihy
|x údaje zvukové elektronické
|x dokumenty elektronické
|2 SNK
|9 638214
|
| 655 |
|
7 |
|a elektronické zvukové údaje
|2 SNK
|9 70734
|
| 655 |
|
7 |
|a elektronické dokumenty
|2 SNK
|9 70518
|
| 999 |
|
|
|c 985231
|d 987161
|
| 952 |
|
|
|t P60, <03>, [BOOK], {603}
|a SNK
|b SNK
|y PREZ
|7 0
|p 17A0325181
|o snkSCDM 56/2001/49
|i snkJK 936/2001
|0 0
|1 0
|4 0
|d 2001-12-11
|l 0
|r 2005-01-02 00:00:00
|w 2026-02-24
|
| 952 |
|
|
|a SNK
|b SNK
|y PREZ
|7 0
|p 17A0325182
|o snkSCDM 56/2001/49 D1
|i snkJK 937/2001
|0 0
|1 0
|4 0
|d 2001-12-11
|l 0
|r 2005-01-02 00:00:00
|w 2026-02-24
|